International routes from Dubai International Airport (DXB) - Statistics

General Stats
  • This quiz has been taken 20 times
  • The average score is 134 of 198
Answer Stats
Airline International Route Country % Correct
Aegean Airlines Athens Greece
100%
Air India | IndiGo | SpiceJet Delhi India
100%
Aeroflot Moscow-Sheremetyevo Russia
100%
Air India | IndiGo | SpiceJet Mumbai-Shivaji India
100%
Arika | El Al | Israir Airlines Tel Aviv Israel
100%
AJet | Pegasus Airlines Ankara Turkiye
94%
Air Astana | FlyArystan Astana Kazakhstan
94%
Fly Baghdad | Iraqi Airways Baghdad Iraq
94%
Qatar Airways Doha Qatar
94%
AirSial | Airblue | Pakistan International Airlines | SereneAir Islamabad Pakistan
94%
Turkish Airlines Istanbul Turkiye
94%
AJet | Pegasus Airlines Istanbul-Sabiha Gocken Turkiye
94%
Cebu Pacific | Phillippine Airlines Manila Phillippines
94%
Flyadeal | Flynas | Saudia Riyadh Saudi Arabia
94%
Iran Air | Iran Airtour | Mahan Air | +2 others Tehran-Imam Khomeini Iran
94%
Air Algerie Algiers Algeria
88%
Air Astana Almaty Kazakhstan
88%
Jordan Aviation | Royal Jordanian Amman Jordan
88%
FitsAir | SriLankan Airlines Colombo Sri Lanka
88%
Cathay Pacific Hong Kong China
88%
Air India Express | IndiGo Hyderabad India
88%
Flynas | Saudia Jeddah Saudi Arabia
88%
Airblue | Pakistan International Airlines Karachi Pakistan
88%
Batik Air Malaysia Kuala Lumpur-International Malaysia
88%
Jazeera Airways | Kuwait Airways Kuwait City Kuwait
88%
Aeroflot Saint Petersburg Russia
88%
Singapore Airlines Singapore Singapore
88%
Swiss International Airlines Zurich Switzerland
88%
KLM | Transavia Amsterdam Netherlands
81%
Azerbaijan Airlines Baku Azerbaijan
81%
Air India Express | IndiGo Bengaluru India
81%
Condor | Eurowings Berlin Germany
81%
Wizz Air Bucharest-Otopeni Romania
81%
Egyptair Cairo Egypt
81%
IndiGo Chennai India
81%
FlyOne Chisinau Moldova
81%
Fly Cham | Syrian Air Damascus Syria
81%
Air Tanzania Dar es Salaam Tanzania
81%
Biman Bangladesh Airlines | US-Bangla Airlines Dhaka Bangladesh
81%
Lufthansa Frankfurt Germany
81%
China Southern Airlines Guangzhou China
81%
Finnair Helsinki Finland
81%
Nepal Airlines Kathmandu Nepal
81%
British Airways | Royal Brunei Airlines | Virgin Atlantic London-Heathrow United Kingdom
81%
Belavia Minsk Belarus
81%
Lufthansa Munich Germany
81%
Oman Air | SalamAir Muscat Oman
81%
Air France Paris-Charles de Gaulle France
81%
China Eastern Airlines Shanghai-Pudong China
81%
Centrum Air | Uzbekistan Airways Tashkent Uzbekistan
81%
Fly Oya Tripoli-Mitiga Libya
81%
Austrian Airlines | Smartwings Vienna Austria
81%
Ethiopian Airlines Addis Ababa Ethiopia
75%
IndiGo | SpiceJet Ahmedabad India
75%
Gulf Air Bahrain Bahrain
75%
MEA Beirut Lebanon
75%
Wizz Air Budapest Hungary
75%
Royal Air Maroc Casablanca Morocco
75%
Air India Express | SpiceJet Jaipur India
75%
Ariana Afghan Airlines | Kam Air Kabul Afghanistan
75%
AirSial | Airblue | Fly Jinnah | +2 others Lahore Pakistan
75%
Flynas Medina Saudi Arabia
75%
Jubba Airways Mogadishu Somalia
75%
Kenya Airways Nairobi-Jomo Kenyatta Kenya
75%
AirBaltic Riga Latvia
75%
AirBaltic Vilnius Lithuania
75%
LOT Polish Airlines Warsaw-Chopin Poland
75%
China Southern Airlines Wuhan China
75%
FlyOne Yerevan Armenia
75%
Sun Express Antalya Turkiye
69%
Turkmenistan Airlines Ashgabat Turkmenistan
69%
Berniq Airways Benghazi Libya
69%
Sichuan Airlines Chengdu-Tianfu China
69%
Somon Air Dushanbe Tajikistan
69%
Iraqi Airways Erbil Iraq
69%
Sun Express Izmir Turkiye
69%
RwandAir Kigali Rwanda
69%
Air India Express Lucknow India
69%
Smartwings Prague Czechia
69%
Korean Air Seoul-Incheon South Korea
69%
Iran Air | Iran Airtour | Qeshm Air Shiraz Iran
69%
Myanmar Airways International Yangon Myanmar
69%
Air India Express Goa-Dabolim India
63%
Iran Air | Qeshm Air Isfahan Iran
63%
United Airlines Newark United States of America
63%
ITA Airways Rome-Fiumicino Italy
63%
China Southern Airlines Shenzhen China
63%
Condor | Eurowings Stuttgart Germany
63%
Air India Express | SpiceJet Amritsar India
56%
Royal Brunei Airlines Bandar Seri Begawan Brunei
56%
Uganda Airlines Entebbe Uganda
56%
Pakistan International Airlines Faisalabad Pakistan
56%
Iran Air | Qeshm Air Lar Iran
56%
Cyprus Airways Larnaca Cyprus
56%
Iran Airtour | Sepehran Airlines Mashhad Iran
56%
IndiGo | SpiceJet Pune India
56%
China Eastern Airlines Xi'an China
56%
Air Tanzania Zanzibar Tanzania
56%
Flynas Dammam/Damman Saudi Arabia
50%
Air India Express | IndiGo | SpiceJet Kochi India
50%
Centrum Air Samarkand Uzbekistan
50%
China Southern Airlines Urumqi China
50%
Pakistan International Airlines Peshawar Pakistan
44%
China Southern Airlines Shenyang China
44%
Air India Express | IndiGo Surat India
44%
Biman Bangladesh Airlines Sylhet Bangladesh
44%
Air India Express Thiruvananthapuram India
44%
Air Astana Atyrau Kazakhstan
38%
Jubba Airways Hargeisa Somalia
38%
China Eastern Airlines Kunming China
38%
SpiceJet Madurai India
38%
Airblue | Pakistan International Airlines Multan Pakistan
38%
China Eastern Airlines Qingdao China
38%
FlyArystan Aktau Kazakhstan
31%
Hainan Airlines Haikou China
31%
Kish Air Kish Iran
31%
Air India Express | IndiGo | SpiceJet Kozhikode India
31%
S7 Airlines Novosibirsk Russia
31%
Drukair Paro Bhutan
31%
Pakistan International Airlines Sialkot Pakistan
31%
Air India Express Tiruchirappalli India
31%
Iran Air | Qeshm Air Ahvaz Iran
25%
Jubba Airways Bosaso Somalia
25%
IndiGo Chandigarh India
25%
Iraqi Airways Najaf Iraq
25%
FlyArystan Aktobe Kazakhstan
19%
Biman Bangladesh Airlines Chattogram Bangladesh
19%
Uzbekistan Airways Fergana Uzbekistan
19%
Air India Express Kannur India
19%
Kam Air Khost Afghanistan
19%
Air India Express | IndiGo Mangaluru India
19%
Qeshm Air Qeshm Iran
19%
Pakistan International Airlines Skardu Pakistan
19%
Qeshm Air Bandar Abbas Iran
13%
Saudia Neom Bay Saudi Arabia
13%
FlyArystan Symkent Kazakhstan
13%
Iraqi Airways Basrah Iraq
6%
Qeshm Air Bushehr Iran
6%
IndiGo Bhubaneswar India
0%
No matching quizzes found
Score Distribution
Percent of People with Each Score
Percentile by Number Answered
Your Score History
You have not taken this quiz